Growth-inhibiting substances in rice-straw

Elmentve itt :
Bibliográfiai részletek
Szerző: Köves Erzsébet
Dokumentumtípus: Cikk
Megjelent: 1958
Sorozat:Acta biologica 4
Kulcsszavak:Természettudomány
Online Access:http://acta.bibl.u-szeged.hu/21450
LEADER 00591nab a2200181 i 4500
001 acta21450
005 20210527144533.0
008 161015s1958 hu o 0|| eng d
022 |a 0563-0592 
040 |a SZTE Egyetemi Kiadványok Repozitórium  |b hun 
041 |a eng 
100 1 |a Köves Erzsébet 
245 1 0 |a Growth-inhibiting substances in rice-straw  |h [elektronikus dokumentum] /  |c  Köves Erzsébet 
260 |c 1958 
300 |a 13-16 
490 0 |a Acta biologica  |v 4 
695 |a Természettudomány 
856 4 0 |u http://acta.bibl.u-szeged.hu/21450/1/biologica_004_013-016.pdf  |z Dokumentum-elérés